AN INTRODUCTION TO COMPUTATIONAL FLUID DYNAMICS. (Record no. 14664)

MARC details
000 -LEADER
fixed length control field 00367nam a22001577a 4500
003 - CONTROL NUMBER IDENTIFIER
control field SGT
020 ## - INTERNATIONAL STANDARD BOOK NUMBER
International Standard Book Number 978-81-317-2048-6
082 ## - DEWEY DECIMAL CLASSIFICATION NUMBER
Classification number 620.1064
Item number VER
100 ## - MAIN ENTRY--PERSONAL NAME
Personal name VERSTEEG,H
245 ## - TITLE STATEMENT
Title AN INTRODUCTION TO COMPUTATIONAL FLUID DYNAMICS.
250 ## - EDITION STATEMENT
Edition statement 2ND
260 ## - PUBLICATION, DISTRIBUTION, ETC. (IMPRINT)
Place of publication, distribution, etc NOIDA(U.P)
Name of publisher, distributor, etc PEARSON
Year of Publication 2009
300 ## - PAGE DESCRIPTION
No. of Pages 517
650 ## - SUBJECT ADDED ENTRY--TOPICAL TERM
Topical term or geographic name as entry element CIVIL ENGINEERING
942 ## - ADDED ENTRY ELEMENTS (KOHA)
Source of classification or shelving scheme Dewey Decimal Classification
Koha item type Books
Holdings
Withdrawn status Lost status Source of classification or shelving scheme Damaged status Not for loan Collection code Home library Current library Shelving location Date acquired Vendor Name Cost, normal purchase price SGTU Bill Number Total Checkouts Full call number Accession No. (Barcode) Date last seen Bill Date Koha item type
    Dewey Decimal Classification     ENGINEERING SGT Engineering Library SGT Engineering Library Reference Book 23/01/2018 KIRTI PRAKASHAN (NEW DELHI ) 859.00 SGTU IN1297   620.1064 VER FE7046 23/01/2018   Books